000
00314pab a2200133 454500
008
180718b1999 xxu||||| |||| 00| 0 eng d
100
_a
Schuler, Kurt
245
_a
The problem with pegged exchange rates
260
_c
1999
300
_a
p.83-102
650
_a
Exchange rates
773
_a
Kyklos
909
_a
42541
999
_c
42541
_d
42541